[Event "Muensterland Verbandsliga 0405"]
[Site "Muensterland"]
[Date "2004.10.09"]
[Round "2.4"]
[White "Hermelbracht, Klaus"]
[Black "Rublack, Ralf"]
[Result "1/2-1/2"]
[WhiteElo "1878"]
[BlackElo "1992"]
[PlyCount "117"]
[EventDate "2004.09.18"]
[EventType "team"]
[EventRounds "9"]
[EventCountry "GER"]
[SourceTitle "EXT 2006"]
[Source "ChessBase"]
[SourceDate "2005.11.24"]
[SourceVersion "1"]
[SourceVersionDate "2005.11.24"]
[SourceQuality "1"]
[WhiteTeam "Ibbenbueren"]
[BlackTeam "Suedlohn"]
[WhiteTeamCountry "GER"]
[BlackTeamCountry "GER"]

1. d4 d5 2. c4 e6 3. Nc3 Nf6 4. Bg5 Nbd7 5. e3 c6 6. Nf3 Qa5 7. Nd2 Bb4 8. Rc1 Bxc3 9. Rxc3 Ne4 10. Nxe4 dxe4 11. Bh4 0-0 12. Be2 f5 13. 0-0 Nf6 14. a3 Qd8 15. b4 b6 16. Qb3 Kh8 17. Rcc1 Qe8 18. Qd1 Bb7 19. Rc2 h6 20. Bg3 Rd8 21. Rd2 Rf7 22. Be5 Kh7 23. f4 Nd7 24. Bc7 Rc8 25. Bd6 Nf8 26. Qe1 Rd7 27. c5 b5 28. Qh4 Ng6 29. Qh3 Ne7 30. g4 g6 31. g5 h5 32. Bd1 Qf7 33. Rg2 Kg8 34. Kh1 Qh7 35. Qh4 Nd5 36. Rg3 Kf7 37. Rh3 Rg8 38. Qe1 Ke8 39. Rh4 Qf7 40. Rg1 Rh8 41. Be5 Rh7 42. Rg3 Qg8 43. Rgh3 Rdf7 44. Qg3 Ne7 45. Qg2 Kd7 46. Qa2 a6 47. Rg3 Nd5 48. Qf2 Nc3 49. Bb3 Nd5 50. Rg1 Rf8 51. Ra1 Ra8 52. Rh3 Re7 53. Rg3 Ree8 54. Rgg1 Rec8 55. Qd2 Qd8 56. h4 a5 57. Bxd5 exd5 58. Bf6 Qc7 59. Be5 1/2-1/2

[Event "Muensterland Verbandsklasse-A 0304"]
[Site "Germany"]
[Date "2004.03.06"]
[Round "7.5"]
[White "Hermelbracht, Klaus"]
[Black "Overesch, Andre"]
[Result "1-0"]
[WhiteElo "1863"]
[BlackElo "1687"]
[PlyCount "127"]
[EventDate "2003.09.20"]
[EventType "team"]
[EventRounds "9"]
[EventCountry "GER"]
[SourceTitle "EXT 2005"]
[Source "ChessBase"]
[SourceDate "2004.11.15"]
[SourceVersion "1"]
[SourceVersionDate "2004.11.15"]
[SourceQuality "1"]
[WhiteTeam "Ibbenbueren"]
[BlackTeam "Nordwalde"]
[WhiteTeamCountry "GER"]
[BlackTeamCountry "GER"]

1. d4 Nf6 2. Nf3 e6 3. Bg5 Be7 4. Nbd2 d5 5. e3 0-0 6. Bd3 Nbd7 7. 0-0 c5 8. c3 b6 9. Rc1 Bb7 10. Re1 h6 11. Bxf6 Nxf6 12. Ne5 Bd6 13. Bb1 Nd7 14. Nxd7 Qxd7 15. e4 cxd4 16. e5 dxc3 17. Rxc3 Bc5 18. Ne4 Qe7 19. Nf6+ Kh8 20. Qc2 g6 21. Rh3 Kg7 22. Nh5+ Kh7 23. Rg3 Rg8 24. Nf6+ Kh8 25. Qd2 Kg7 26. Nxg8 Rxg8 27. Qf4 Bb4 28. Rc1 Bc5 29. a3 a5 30. Qd2 d4 31. Bd3 Bc6 32. Qc2 a4 33. Bxg6 Kf8 34. Be4 Rxg3 35. hxg3 Bb5 36. Bd3 Bc6 37. b4 axb3 38. Qxb3 Qg5 39. Re1 Qd2 40. Rd1 Qg5 41. Re1 h5 42. Bb5 Bd5 43. Qd3 h4 44. a4 hxg3 45. fxg3 Bb4 46. Rb1 Qxe5 47. Qh7 Bd2 48. Rf1 Be3+ 49. Kh2 f5 50. Qh5 Qf6 51. g4 f4 52. g5 Qf7 53. Qh8+ Ke7 54. Bd3 e5 55. Qxe5+ Qe6 56. Qxe6+ Bxe6 57. Rb1 Bd7 58. Rxb6 Be8 59. a5 Bh5 60. g6 f3 61. g3 f2 62. Rb7+ Kf6 63. g7 Bf7 64. a6 1-0

[Event "Muensterland Verbandsklasse-A 0304"]
[Site "Germany"]
[Date "2004.02.14"]
[Round "6.5"]
[White "Schulz, Stefan"]
[Black "Hermelbracht, Klaus"]
[Result "0-1"]
[WhiteElo "1066"]
[BlackElo "1863"]
[PlyCount "132"]
[EventDate "2003.09.20"]
[EventType "team"]
[EventRounds "9"]
[EventCountry "GER"]
[SourceTitle "EXT 2005"]
[Source "ChessBase"]
[SourceDate "2004.11.15"]
[SourceVersion "1"]
[SourceVersionDate "2004.11.15"]
[SourceQuality "1"]
[WhiteTeam "Muenster V"]
[BlackTeam "Ibbenbueren"]
[WhiteTeamCountry "GER"]
[BlackTeamCountry "GER"]

1. d4 Nf6 2. c4 c6 3. g3 d5 4. Qc2 g6 5. Nf3 Bf5 6. Qb3 Qc8 7. Bg2 dxc4 8. Qxc4 Be6 9. Qc2 Na6 10. Bd2 Bg7 11. 0-0 Bf5 12. Qc1 0-0 13. Na3 Ne4 14. Bh6 Rd8 15. Bxg7 Kxg7 16. Rd1 Bh3 17. Qf4 Bxg2 18. Qe5+ Nf6 19. Kxg2 Qg4 20. Qxe7 Rd7 21. Qe3 Nd5 22. Qe5+ f6 23. h3 Qxf3+ 24. exf3 fxe5 25. dxe5 Rad8 26. Re1 Nc5 27. Nc4 Re8 28. h4 Re6 29. f4 Nd3 30. Red1 Nc5 31. Kf3 Rf7 32. a4 Nd7 33. Kg2 Nc5 34. Ra3 h5 35. f3 a6 36. Nd6 Rd7 37. b4 Nxa4 38. Rxa4 Nc3 39. Kh3 Nxd1 40. g4 Nc3 41. Ra3 Nd5 42. Kg3 Nxb4 43. Nc4 hxg4 44. fxg4 Rd3+ 45. Rxd3 Nxd3 46. h5 gxh5 47. gxh5 b5 48. Nd6 Nxe5 49. h6+ Kxh6 50. fxe5 a5 51. Kf4 Kg6 52. Nb7 a4 53. Nc5 Re8 54. Ke4 Rh8 55. Kd4 Rh4+ 56. Kd3 a3 57. Nb3 Kf5 58. Kc2 Kxe5 59. Na5 Kd5 60. Kb3 a2 61. Kb2 a1Q+ 62. Kxa1 Ra4+ 63. Kb2 Rxa5 64. Kb3 Kd4 65. Kb4 Ra8 66. Kb3 c5 0-1

[Event "Muensterland Verbandsklasse-A 0203"]
[Site "Muensterland"]
[Date "2003.03.15"]
[Round "7.5"]
[White "Hermelbracht, Klaus"]
[Black "Veensma, Torsten"]
[Result "0-1"]
[WhiteElo "1865"]
[BlackElo "1726"]
[PlyCount "100"]
[EventDate "2002.09.28"]
[EventType "team"]
[EventRounds "9"]
[EventCountry "GER"]
[SourceTitle "EXT 2004"]
[Source "ChessBase"]
[SourceDate "2003.11.25"]
[SourceVersion "1"]
[SourceVersionDate "2003.11.25"]
[SourceQuality "1"]
[WhiteTeam "Ibbenbueren"]
[BlackTeam "Muenster SK V"]
[WhiteTeamCountry "GER"]
[BlackTeamCountry "GER"]

1. d4 Nf6 2. c4 g6 3. Nc3 Bg7 4. e4 d6 5. Bd3 0-0 6. Nge2 Nbd7 7. Bg5 h6 8. Bh4 e5 9. d5 Nc5 10. Bc2 a5 11. f3 Bd7 12. 0-0 Qe8 13. Bf2 b6 14. Qd2 Kh7 15. Ng3 Ng8 16. Rae1 Ne7 17. b3 f5 18. exf5 Nxf5 19. Nce4 Nxe4 20. Nxe4 Qe7 21. Re2 Rf7 22. Qd3 Raf8 23. Rfe1 Qd8 24. a3 Kh8 25. b4 axb4 26. axb4 Bc8 27. Ra1 Nh4 28. Ra8 Nxg2 29. Rxc8 Qxc8 30. Kxg2 Rxf3 31. Qxf3 Rxf3 32. Kxf3 Qf5+ 33. Kg2 Qg4+ 34. Ng3 Qxc4 35. Bxg6 Qxd5+ 36. Be4 Qb5 37. Ra2 Kg8 38. Ra8+ Kf7 39. Ra7 Qc4 40. b5 d5 41. Bf3 e4 42. Be2 Qc2 43. Bh5+ Ke6 44. Ne2 d4 45. Bg4+ Kd6 46. Bg3+ Be5 47. Kh3 Bxg3 48. Nxg3 e3 49. Ra8 Kc5 50. Rd8 d3 0-1

[Event "Muensterland Verbandsklasse-A 0203"]
[Site "Muensterland"]
[Date "2003.01.18"]
[Round "5.7"]
[White "Hermelbracht, Klaus"]
[Black "Overesch, Andre"]
[Result "1/2-1/2"]
[WhiteElo "1865"]
[BlackElo "1702"]
[PlyCount "123"]
[EventDate "2002.09.28"]
[EventType "team"]
[EventRounds "9"]
[EventCountry "GER"]
[SourceTitle "EXT 2004"]
[Source "ChessBase"]
[SourceDate "2003.11.25"]
[SourceVersion "1"]
[SourceVersionDate "2003.11.25"]
[SourceQuality "1"]
[WhiteTeam "Ibbenbueren"]
[BlackTeam "Nordwalde"]
[WhiteTeamCountry "GER"]
[BlackTeamCountry "GER"]

1. d4 Nf6 2. c4 e6 3. Nc3 Bb4 4. a3 Bxc3+ 5. bxc3 0-0 6. Qc2 b6 7. e4 Bb7 8. f3 h6 9. Nh3 d6 10. Be3 Nbd7 11. Be2 c5 12. Rd1 Qe7 13. 0-0 Rfd8 14. Nf2 e5 15. Qc1 Nf8 16. Rd2 Rd7 17. Rb2 Rc8 18. d5 Rb8 19. Bd2 Ng6 20. g3 Rdd8 21. Nd1 Bc8 22. Ne3 Nf8 23. Rf2 N8h7 24. Bf1 Ng5 25. Nf5 Bxf5 26. exf5 Nfh7 27. Bd3 Re8 28. Qf1 Qd7 29. Qg2 Qa4 30. Ra2 Qb3 31. Be1 Qd1 32. Qf1 e4 33. Bc2 Qc1 34. fxe4 Nxe4 35. Bxe4 Rxe4 36. Bd2 Qxf1+ 37. Kxf1 Rxc4 38. Bf4 Rxc3 39. Bxd6 Rd8 40. Be5 Rc1+ 41. Kg2 Rxd5 42. Bb8 a6 43. a4 Nf6 44. Rab2 Rd4 45. Be5 Rxa4 46. Bxf6 gxf6 47. Rxb6 Kg7 48. Rb8 Rac4 49. Kh3 h5 50. Re2 Kh6 51. Rb6 Kg5 52. Rxa6 R4c2 53. Rxc2 Rxc2 54. Ra7 Kxf5 55. Rxf7 c4 56. Rh7 Kg6 57. Rc7 c3 58. Rc6 Kg5 59. Rc5+ f5 60. Rc6 Rc1 61. Rc8 c2 62. Rc6 1/2-1/2

[Event "Muensterland Verbandsklasse-A 0203"]
[Site "Muensterland"]
[Date "2002.12.14"]
[Round "4.6"]
[White "Hermelbracht, Klaus"]
[Black "Busch, Martin"]
[Result "0-1"]
[WhiteElo "1865"]
[BlackElo "1905"]
[PlyCount "44"]
[EventDate "2002.09.28"]
[EventType "team"]
[EventRounds "9"]
[EventCountry "GER"]
[SourceTitle "EXT 2004"]
[Source "ChessBase"]
[SourceDate "2003.11.25"]
[SourceVersion "1"]
[SourceVersionDate "2003.11.25"]
[SourceQuality "1"]
[WhiteTeam "Ibbenbueren"]
[BlackTeam "Muenster SK III"]
[WhiteTeamCountry "GER"]
[BlackTeamCountry "GER"]

1. d4 Nf6 2. c4 g6 3. Nc3 Bg7 4. e4 d6 5. f3 0-0 6. Be3 c6 7. Bd3 a6 8. a4 a5 9. Nge2 Na6 10. Na2 Nd7 11. Qd2 e5 12. d5 Ndc5 13. Bc2 f5 14. 0-0 cxd5 15. Qxd5+ Be6 16. Qd1 Bxc4 17. Nac3 Nb4 18. Ra3 Nxc2 19. Qxc2 Bd3 20. Qd2 fxe4 21. Bxc5 dxc5 22. fxe4 Qd4+ 0-1